Evaluacion del proyecto de control de carga a distancia de la C.N.F.L., y busqueda de posibles nuevas aplicaciones
Збережено в:
| Автор: | |
|---|---|
| Формат: | Книга |
| Опубліковано: |
2003
|
| Предмети: | |
| Теги: |
Додати тег
Немає тегів, Будьте першим, хто поставить тег для цього запису!
|
MARC
| LEADER | 00000nam a2200000Ia 4500 | ||
|---|---|---|---|
| 003 | 009205 | ||
| 005 | 20221231144146.0 | ||
| 008 | 140114s2003 cr a m 000 ||s d | ||
| 040 | |c cru CEDI | ||
| 090 | |a TFG 4745 | ||
| 100 | |a Mora Jiménez, Carlos Roberto |9 6895 | ||
| 245 | |a Evaluacion del proyecto de control de carga a distancia de la C.N.F.L., y busqueda de posibles nuevas aplicaciones | ||
| 260 | |c 2003 | ||
| 500 | |a Proyecto de graduación (bachillerato en ingeniería eléctrica)--Universidad de Costa Rica. Facultad de Ingeniería. Escuela de Ingeniería Eléctrica | ||
| 650 | |x COMPAÑIA NACIONAL DE FUERZA Y LUZ (COSTA RICA) |x DISTRIBUCION DE ENERGIA ELECTRICA - COSTA RICA |x ENERGIA ELECTRICA - COSTA RICA |9 6896 | ||
| 942 | |c TFG | ||
| 999 | |c 17736 |d 17736 | ||
